| 000 | 00480nam a22001577a 4500 | ||
|---|---|---|---|
| 008 | 220401b |||||||| |||| 00| 0 eng d | ||
| 020 | _a0521775019. | ||
| 050 | _aBC141.H33 2003 | ||
| 100 |
_aHacking,Ian _99944 |
||
| 245 |
_aAn introduction to probability and inductive logic _cIan,Hacking |
||
| 260 |
_aUnited Kingdom _bUniversity Press _c2001 |
||
| 300 |
_axvii,302p.; _c25cm. |
||
| 650 |
_aProbabilities _92769 |
||
| 650 |
_aInduction(logic) _951135 |
||
| 942 |
_2lcc _cMONOGRAPH |
||
| 999 |
_c131205 _d131205 |
||